Construction Act review (Record no. 77556)

MARC details
000 -LEADER
fixed length control field 01166cab a2200241 4500
001 - CONTROL NUMBER
control field ##L134540
008 - FIXED-LENGTH DATA ELEMENTS--GENERAL INFORMATION
fixed length control field 060815n2006 000 0 eng u
035 ## - SYSTEM CONTROL NUMBER
System control number (Sirsi) u134540
041 0# - LANGUAGE CODE
Language code of text/sound track or separate title eng
100 1# - MAIN ENTRY--PERSONAL NAME
Personal name Sheridan, Peter
245 00 - TITLE STATEMENT
Title Construction Act review
Remainder of title pay-when-paid, pay-when-certified and section 113
260 ## - PUBLICATION, DISTRIBUTION, ETC.
Date of publication, distribution, etc. 2006
490 #0 - SERIES STATEMENT
Series statement Construction Law Journal
Volume/sequential designation 22(5) 2006, 324-335(12)
520 ## - SUMMARY, ETC.
Summary, etc. Looks at the effect of the Housing Grants, Construction and Regeneration Act 1996 s113 on pay-when-paid clauses. Discusses the Latham Report recommendations, and considers the effect of the decisions in "Durabella Ltd v J Jarvis and Sons Ltd" ([2001] QBD TCC, Abs65487) and "Midland Expressway Ltd v Carillion Construction Ltd" ([2005] EWHC 2963 TCC, L132321).
590 ## - LOCAL NOTE (RLIN)
Local note IKA220806
650 24 - SUBJECT ADDED ENTRY--TOPICAL TERM
Topical term or geographic name entry element HOUSING GRANTS, CONSTRUCTION AND REGENERATION ACT 1996 S113
650 24 - SUBJECT ADDED ENTRY--TOPICAL TERM
Topical term or geographic name entry element DURABELLA V JARVIS
650 24 - SUBJECT ADDED ENTRY--TOPICAL TERM
Topical term or geographic name entry element MIDLAND EXPRESSWAY LTD V CARILLION CONSTRUCTION LTD AND OTHERS
650 24 - SUBJECT ADDED ENTRY--TOPICAL TERM
Topical term or geographic name entry element LATHAM REFORMS
651 #4 - SUBJECT ADDED ENTRY--GEOGRAPHIC NAME
Geographic name England and Wales
Chronological subdivision 1543-
690 ## - LOCAL SUBJECT ADDED ENTRY--TOPICAL TERM (OCLC, RLIN)
Topical term or geographic name as entry element BUILT ENVIRONMENT-CONSTRUCTION MANAGEMENT-BUILDING CONTRACT ADMINISTRATION
942 ## - ADDED ENTRY ELEMENTS (KOHA)
Suppress in OPAC 0
Holdings
Withdrawn status Lost status Source of classification or shelving scheme Damaged status Not for loan Home library Current library Shelving location Date acquired Total Checkouts Full call number Barcode Date last seen Copy number Price effective from Koha item type
    Dewey Decimal Classification     London London Journal article 15/08/2006   L134540 134540-1001 06/08/2019 1 06/08/2019 Journal article